000 00307nam a22001337a 4500
008 181001b xxu||||| |||| 00| 0 eng d
020 _a9781455738991
041 _aeng
080 _a610.73
100 _a2
101 _aINF
245 _aNursing clinics of north America
_cDennison,R.D
942 _2udc
_cBK
999 _c48739
_d48739